000 00435 a2200145 4500
999 _c9392
_d9392
020 _a9780230229921
050 _aHV6025ROB2017
100 _aRobinson Susan
_eauthor
245 _aThe Criminology and criminal justice companion /
_cSusan Robinson and Tracy Cussen
264 _aLondon:
_bPalgrave,
_c2017
300 _a233p. :
500 _aincludes index
650 _acriminology and criminal justice
942 _2lcc
_cBK
_h6025
_iROB
_kHV